Los países con las mayores economías de la decada de los 80 - Estadísticas

Estadísticas generales
  • Esta prueba ha sido intentada 41 veces
  • La puntuación promedio es 10 de 10
Estadísticas de respuestas
Total del PIB NOMINAL en miles de millones de dólares País % Correcto
$1,306,684 Alemania Occidental
100%
$449,283 China
100%
$1,061,748 Francia
100%
$964,648 Italia
100%
$3,128,549 Japón
100%
$815,626 Unión de Repúblicas Socialistas Soviéticas
100%
$5,688,042 Estados Unidos de América
97%
$1,035,875 Reino Unido
97%
$571,394 Canadá
95%
$441,730 Brasil
84%
No se encontraron pruebas coincidentes
Distribución de puntuación
Porcentaje de gente con cada puntuación
Porcentaje por número respondido
Historial de tus puntuaciones
No has intentado esta prueba.